Gynaecology by Ten Teachers (Record no. 5881)

MARC details
000 -LEADER
fixed length control field 00542nam a22002177a 4500
003 - CONTROL NUMBER IDENTIFIER
control field OSt
005 - DATE AND TIME OF LATEST TRANSACTION
control field 20231018121745.0
008 - FIXED-LENGTH DATA ELEMENTS--GENERAL INFORMATION
fixed length control field 171127b xxu||||| |||| 00| 0 eng d
020 ## - INTERNATIONAL STANDARD BOOK NUMBER
International Standard Book Number 9780340816639
040 ## - CATALOGING SOURCE
Transcribing agency DNLM
050 ## - LIBRARY OF CONGRESS CALL NUMBER
Classification number WP100 L588g 2006
082 ## - DEWEY DECIMAL CLASSIFICATION NUMBER
Classification number WP100 L588g 2006
100 ## - MAIN ENTRY--PERSONAL NAME
Personal name Eidited by Monga, Ash
9 (RLIN) 12255
245 ## - TITLE STATEMENT
Title Gynaecology by Ten Teachers
250 ## - EDITION STATEMENT
Edition statement 18th ed.
260 ## - PUBLICATION, DISTRIBUTION, ETC. (IMPRINT)
Place of publication, distribution, etc. UK; Hodder, 2006
300 ## - PHYSICAL DESCRIPTION
Extent 245p. ;col.ill: 25cm
504 ## - BIBLIOGRAPHY, ETC. NOTE
Bibliography, etc Index included
650 ## - SUBJECT ADDED ENTRY--TOPICAL TERM
Topical term or geographic name as entry element Gynaecology
9 (RLIN) 357
942 ## - ADDED ENTRY ELEMENTS (KOHA)
Source of classification or shelving scheme Other/Generic Classification Scheme
Koha item type Book Bank
Holdings
Withdrawn status Lost status Source of classification or shelving scheme Damaged status Not for loan Home library Current library Date acquired Source of acquisition Inventory number Total Checkouts Full call number Barcode Date last seen Price effective from Koha item type
    Other/Generic Classification Scheme     MUST Main Library MUST Main Library 18/10/2023 Purchase BB:128   WP100 L588g 2006 2023-0680 18/10/2023 18/10/2023 Book Bank